Maurice /

Saved in:
Bibliografiske detaljer
Hovedforfatter: Forster, E. M.
Andre forfattere: Bonsanti, Marcella, Bulgheroni, Marisa
Format: Bog
Sprog:italiensk
Udgivet: Milano : Garzanti, 2014
Serier:I grandi libri. Novecento
Tags: Tilføj Tag
Ingen Tags, Vær først til at tagge denne postø!

MARC

LEADER 00000nam a22000007i 4500
001 IT\ICCU\PUV\1398286
003 ItRI
005 20251212230255.0
008 140724s2014 it |||||| ||||| |||||c
020 |a 9788811810711 
040 |b ita  |c COMUNITAS ANCONA 
041 7 |a ita  |2 ISO-639-2 
082 |a 823.912  |2 21 
100 1 |a Forster, E. M.  |0 IT\ICCU\CFIV\002137 
240 1 0 |a Maurice. -  |9 Forster, E. M. 
245 1 0 |a Maurice /  |c Edward Morgan Forster ; traduzione di Marcella Bonsanti ; postfazione di Marisa Bulgheroni. 
260 |a Milano :  |b Garzanti,  |c 2014 
300 |a 325 p. ;  |c 18 cm 
700 1 |a Bonsanti, Marcella  |0 IT\ICCU\CFIV\066659 
700 1 |a Bulgheroni, Marisa  |0 IT\ICCU\CFIV\078915 
830 2 |a I grandi libri. Novecento  |0 IT\ICCU\BVE\0690633 
942 |2 ddc  |c BK 
952 |0 0  |1 0  |2 ddc  |4 0  |6 823_912000000000000_FOR_MAU  |7 0  |9 10050  |a AN  |b AN  |d 2025-12-12  |l 0  |o 823.912 FOR MAU  |p 11603  |r 2025-12-12 23:04:12  |w 2025-12-12  |y BK 
981 1 |6 z01  |a i   |b xxxe  
982 1 |6 z01  |a n 
999 |c 8377  |d 8377